LEADER 02899nam 2200685 a 450 001 9910830612803321 005 20170816113626.0 010 $a0-470-88543-2 010 $a1-119-20469-0 010 $a1-282-68748-4 010 $a9786612687488 010 $a0-470-88343-X 035 $a(CKB)2560000000011293 035 $a(EBL)537366 035 $a(OCoLC)638860436 035 $a(SSID)ssj0000439386 035 $a(PQKBManifestationID)11925754 035 $a(PQKBTitleCode)TC0000439386 035 $a(PQKBWorkID)10460187 035 $a(PQKB)10612198 035 $a(MiAaPQ)EBC537366 035 $a(CaSebORM)9781576603314 035 $a(EXLCZ)992560000000011293 100 $a20090810d2009 uy 0 101 0 $aeng 135 $aur|n|---||||| 181 $ctxt 182 $cc 183 $acr 200 10$aMarket indicators$b[electronic resource] $ethe best-kept secret to more effective trading and investing /$fRichard Sipley 205 $a1st ed. 210 $aNew York $cBloomberg Press$d2009 215 $a1 online resource (257 p.) 225 1 $aBloomberg Financial ;$vv.38 300 $aDescription based upon print version of record. 311 $a1-57660-331-8 320 $aIncludes bibliographical references and index. 327 $aMarket Indicators; Contents; Acknowledgments; Introduction; Part I Measuring Investor Actions; 1 Clues from the Options Market; 2 Big Money on the Move; 3 Fast Money on the Move; 4 Follow the Money: Cash, Debt, and Shorts; 5 Too Far, Too Fast; 6 Relative Value; Part II Considering the Human Element; 7 Sentiment Surveys; 8 Analyzing the Analysts; 9 Reporting the Financial News, Gauging the Investor's Psyche; 10 Sitting and Watching; Part III Following the Smart Money; 11 The Insiders; 12 Looking to the Futures; 13 Giving Credit to the Bond Market 327 $a14 Money In, Money Out (IPOs, Secondaries, Mergers, Buybacks, and Dividends)15 Tracking the Trailblazers; Conclusion; Notes; Index 330 $a"A proprietary trader provides an overview of the most popular market metrics developed and used by professionals. The author synthesizes these market signals and provides a running commentary on why they work, and how to use them to trade better and more profitably"--Provided by publisher. 410 0$aBloomberg Financial 606 $aInvestment analysis 606 $aInvestments 606 $aStock price forecasting 606 $aSpeculation 615 0$aInvestment analysis. 615 0$aInvestments. 615 0$aStock price forecasting. 615 0$aSpeculation. 676 $a332.6 676 $a332.63/2042 676 $a332.632042 700 $aSipley$b Richard$f1966-$01657648 801 0$bMiAaPQ 801 1$bMiAaPQ 801 2$bMiAaPQ 906 $aBOOK 912 $a9910830612803321 996 $aMarket indicators$94011179 997 $aUNINA LEADER 01700nas 2200481-a 450 001 9910895866503321 005 20260218111219.0 035 $a(DE-599)ZDB3077888-8 035 $a(CKB)110978977284994 035 $a(CONSER)---48043928- 035 $a(DE-599)3077888-8 035 $a(EXLCZ)99110978977284994 100 $a19800325a19459999 --o c 101 0 $abel 181 $ctxt$2rdacontent 182 $cc$2rdamedia 183 $acr$2rdacarrier 200 10$aPolymi?a 210 $aMinsk $cGos. izd-vo BSSR 215 $a1 online resource 300 $6880-05$a"Belaruskai?a chasopis? literatury, polityki, ?konomiki, historyi," <1948> 300 $6880-06$aPublished by: Polymi?a, 311 08$aPrint version: Polymi?a (Minsk, Belarus : 1945) 0130-8068 (DLC) 48043928 (OCoLC)6125744 531 $aPOLYMYA 531 0 $aPolymja 606 $aBelarusian literature$vPeriodicals 606 $aBelarusian literature$xHistory and criticism$vPeriodicals 606 $aBelarusian literature$2fast$3(OCoLC)fst00830033 607 $aBelarus$vLiteratures$vPeriodicals 607 $aBelarus$2fast$1https://id.oclc.org/worldcat/entity/E39PBJtH4qq4rVpMrjM6KWTfv3 608 $aCriticism, interpretation, etc.$2fast 608 $aLiteratures.$2fast 608 $aPeriodicals.$2fast 615 0$aBelarusian literature 615 0$aBelarusian literature$xHistory and criticism 615 7$aBelarusian literature. 712 02$aSai?u?z pis?mennikau? BSSR. 712 02$aSai?u?z pis?mennikau? Belarusi. 906 $aJOURNAL 912 $a9910895866503321 920 $aexl_impl conversion 996 $aPolymi?a$94240786 997 $aUNINA